000 00658nam a2200229Ia 4500
003 OSt
005 20220928145618.0
006 a|||||r|||| 00| 0
007 ta
008 220927b |||||||| |||| 00| 0 eng d
024 _a81521
037 _cTextual
040 _aSDCL
_cSDCL
_beng
041 _2eng
_aeng
082 _aX:(G:55) .2'N9, N7
100 _aBerkes Fikret Ed.
_9513718
245 0 _aSustainanbility of mountain environments in India and Canada.
260 _c1997
700 _a Gardner James S Ed.
_9513719
942 _hX:(G:55) .2'N9, N7
_cTEXL
_2CC
999 _c834371
_d834371